ბათუმის შოთა რუსთაველის სახელმწიფო უნივერსიტეტის ბიბლიოთეკა

ვიტია მალეევი შინ და სკოლაში (ბიბ.ჩანაწერი № 50107)

000 -LEADER
fixed length control field 00756nam a2200217Ia 4500
001 - CONTROL NUMBER
control field 17045
003 - CONTROL NUMBER IDENTIFIER
control field GE_BSU
008 - FIXED-LENGTH DATA ELEMENTS--GENERAL INFORMATION
fixed length control field 181216s||||||||xx |||||||||||||| ||und||
040 ## - CATALOGING SOURCE
Transcribing agency GE_BSU
080 ## - UNIVERSAL DECIMAL CLASSIFICATION NUMBER
Universal Decimal Classification number 82-93:821.161.1-3
100 ## - MAIN ENTRY--PERSONAL NAME
Personal name ნოსოვი, ნ.
245 ## - TITLE STATEMENT
Title ვიტია მალეევი შინ და სკოლაში
245 ## - TITLE STATEMENT
Statement of responsibility, etc. თარგმნეს ნ. ახალაძემ და პ. წერეთელმა.
260 ## - PUBLICATION, DISTRIBUTION, ETC.
Place of publication, distribution, etc. თბილისი
260 ## - PUBLICATION, DISTRIBUTION, ETC.
Name of publisher, distributor, etc. საბლიტგამი
260 ## - PUBLICATION, DISTRIBUTION, ETC.
Date of publication, distribution, etc. 1953
300 ## - PHYSICAL DESCRIPTION
Extent 165გვ. : ილ. ; 20სმ.
653 ## - INDEX TERM--UNCONTROLLED
Uncontrolled term ვიტია მალეევი შინ და სკოლაში
653 ## - INDEX TERM--UNCONTROLLED
Uncontrolled term მოთხრობა
942 ## - ADDED ENTRY ELEMENTS (KOHA)
Koha item type წიგნი
ეგზემპლარები
Withdrawn status Lost status Damaged status Not for loan Date acquired Barcode Date last seen Price effective from Koha item type
        2018-12-17 21406 2018-12-17 2018-12-17 წიგნი
        2018-12-17 21407 2018-12-17 2018-12-17 წიგნი
        2018-12-17 21408 2018-12-17 2018-12-17 წიგნი
        2018-12-17 21409 2018-12-17 2018-12-17 წიგნი
        2018-12-17 21410 2018-12-17 2018-12-17 წიგნი